| 000 | 00358nam a2200133Ia 4500 | ||
|---|---|---|---|
| 999 |
_c20582 _d20582 |
||
| 082 | _aTR.0121 | ||
| 100 | _aRanjana | ||
| 245 | 0 | _aSources and uses of public funds in Rajasthan | |
| 260 |
_c1974 _bUniversity of Rajasthan |
||
| 300 | _a389p. + C D - 52 | ||
| 650 | _aSources and uses of public funds in Rajasthan | ||
| 710 | _aNigam, M.S. | ||
| 942 |
_cTH _2ddc |
||